<?xml version="1.0" encoding="UTF-8"?>
<collection xmlns="http://www.loc.gov/MARC21/slim">
    <record>
        <controlfield tag="001">78497</controlfield>
        <controlfield tag="005">20190326115343.0</controlfield>
        <datafield tag="037" ind1=" " ind2=" ">
            <subfield code="a">TAZ-TFG-2019-204</subfield>
        </datafield>
        <datafield tag="041" ind1=" " ind2=" ">
            <subfield code="a">spa</subfield>
        </datafield>
        <datafield tag="100" ind1="1" ind2=" ">
            <subfield code="a">Leal Nadal, Maria</subfield>
        </datafield>
        <datafield tag="242" ind1="0" ind2="0">
            <subfield code="a">Impact of animal welfare on the hygienic quality of animal products</subfield>
        </datafield>
        <datafield tag="245" ind1="0" ind2="0">
            <subfield code="a">Repercusiones del Bienestar Animal en la calidad higiénica de los productos de origen animal</subfield>
        </datafield>
        <datafield tag="260" ind1=" " ind2=" ">
            <subfield code="a">Zaragoza</subfield>
            <subfield code="b">Universidad de Zaragoza</subfield>
            <subfield code="c">2019</subfield>
        </datafield>
        <datafield tag="506" ind1=" " ind2=" ">
            <subfield code="a">by-nc-sa</subfield>
            <subfield code="b">Creative Commons</subfield>
            <subfield code="c">3.0</subfield>
            <subfield code="u">http://creativecommons.org/licenses/by-nc-sa/3.0/</subfield>
        </datafield>
        <datafield tag="520" ind1=" " ind2=" ">
            <subfield code="a">La producción de huevos es un sector que se ha visto muy intensificado en las últimas décadas. Recientemente, y, con una población más concienciada acerca de los métodos de producción de los alimentos de origen animal, este sector ha evolucionado dando lugar a distintos sistemas de producción ofreciendo con ellos un mayor grado de Bienestar para los animales. A su vez, son percibidos por el consumidor como un indicador de calidad y seguridad de los alimentos. En este Trabajo de Fin de Grado, se ha propuesto analizar que repercusión pueden tener a nivel de calidad higiénica, la aparición de estos nuevos sistemas que, por las condiciones que implican, podrían suponer un riesgo mayor para la salud pública. Con este objetivo, se ha realizado una revisión bibliográfica en cuanto a los distintos sistemas de producción y a los distintos peligros probables en el proceso. Para ello se han consultado mediante palabras clave, distintas bases de datos científicas y legislativas.  Tras el análisis de la bibliografía revisada se ha podido llegar a las conclusiones de que los sistemas de puesta sin jaula garantizan un mayor grado de bienestar animal, satisfaciendo la preocupación de los consumidores acerca de este tema. Además, no se ha demostrado que dichos sistemas supongan un riesgo mayor en cuanto a calidad higiénica para el consumidor</subfield>
        </datafield>
        <datafield tag="521" ind1=" " ind2=" ">
            <subfield code="a">Graduado en Veterinaria</subfield>
        </datafield>
        <datafield tag="540" ind1=" " ind2=" ">
            <subfield code="a">Derechos regulados por licencia Creative Commons</subfield>
        </datafield>
        <datafield tag="700" ind1=" " ind2=" ">
            <subfield code="a">Conchello Moreno, María del Pilar </subfield>
            <subfield code="e">dir.</subfield>
        </datafield>
        <datafield tag="700" ind1=" " ind2=" ">
            <subfield code="a">Herrera Marteache, Antonio</subfield>
            <subfield code="e">dir.</subfield>
        </datafield>
        <datafield tag="710" ind1="2" ind2=" ">
            <subfield code="a">Universidad de Zaragoza</subfield>
            <subfield code="b">Producción Animal y Ciencia de los Alimentos</subfield>
            <subfield code="c">Nutrición y Bromatología</subfield>
        </datafield>
        <datafield tag="856" ind1="0" ind2=" ">
            <subfield code="f">689885@celes.unizar.es</subfield>
        </datafield>
        <datafield tag="856" ind1="4" ind2=" ">
            <subfield code="s">886762</subfield>
            <subfield code="u">http://zaguan.unizar.es/record/78497/files/TAZ-TFG-2019-204.pdf</subfield>
            <subfield code="y">Memoria (spa)</subfield>
        </datafield>
        <datafield tag="909" ind1="C" ind2="O">
            <subfield code="o">oai:zaguan.unizar.es:78497</subfield>
            <subfield code="p">driver</subfield>
            <subfield code="p">trabajos-fin-grado</subfield>
        </datafield>
        <datafield tag="950" ind1=" " ind2=" ">
            <subfield code="a"></subfield>
        </datafield>
        <datafield tag="951" ind1=" " ind2=" ">
            <subfield code="a">deposita:2019-03-26</subfield>
        </datafield>
        <datafield tag="980" ind1=" " ind2=" ">
            <subfield code="a">TAZ</subfield>
            <subfield code="b">TFG</subfield>
            <subfield code="c">VET</subfield>
        </datafield>
        <datafield tag="999" ind1=" " ind2=" ">
            <subfield code="a">20190211120739.CREATION_DATE</subfield>
        </datafield>
    </record>

    
</collection>